• 首页
  • 本馆介绍
  • 公告通知
  • 最新文献
  • 馆藏检索
  • 电子资源
  • 读者导购
  • 参考咨询
  • 我的图书馆
  • 登录
  • 详细信息显示
  • 放入我的书架
  • 预约/预借图书
  • 作者相关作品
  • 分类相关作品
  • 丛书相关作品
  • 出版社相关作品

书目信息

  • 表格格式
  • 工作单格式
  • 卡片格式
题名:
现代包装设计
    
 
作者: 曾迪来 著
分册:  
出版信息: 长沙   中南大学出版社  2005.02
页数: 194页
开本: 23cm
丛书名: 现代广告系列丛书
单 册:
中图分类: TB482
科图分类:
主题词: 包装--设计 , 包装
电子资源:
ISBN: 7-81105-003-X
000 00810oam2 2200253 450
001 002814935
005 20050524133439.0
010    @a7-81105-003-X@dCNY20.00
100    @a20100913d2005 em y0chiy0110 ea
101 0  @achi
102    @aCN@b430000
105    @aa z 000yy
200 1  @a现代包装设计@Axian dai bao zhuang she ji@f曾迪来著
210    @a长沙@c中南大学出版社@d2005.02
215    @a194页@c图@d23cm
225 2  @a现代广告系列丛书
330    @a本书包括包装概论、包装设计的创意思维方式与促销、包装的视觉传达设计、包装设计的常用材料、纸与包装设计、包装设计区域文化比较分析、包装设计的印刷工艺等内容。
461  0 @12001 @a现代广告系列丛书
606 0  @a包装@x设计
606 0  @a包装
690    @aTB482@v5
701  0 @a曾迪来@Azeng di lai@4著
905    @aBZT@dTB482@e1
906    @dCNY20.00@n0@r1
    
    现代包装设计/曾迪来著.-长沙:中南大学出版社,2005.02
    194页:图;23cm.-(现代广告系列丛书)
    
    
    ISBN 7-81105-003-X:CNY20.00
    本书包括包装概论、包装设计的创意思维方式与促销、包装的视觉传达设计、包装设计的常用材料、纸与包装设计、包装设计区域文化比较分析、包装设计的印刷工艺等内容。
●
相关链接 在五车中查询图书 在当当中查询图书 在豆瓣中查询图书


正题名:现代包装设计     索取号:TB482/1         预约/预借

序号 登录号 条形码 馆藏地/架位号 状态 备注
1 773718   2000773718   中心书库中库/ 中库030架B面3列7层25/ [索取号:TB482/1] 在馆    
2 773719   2000773719   中心书库中库/ 中库030架B面3列7层22/ [索取号:TB482/1] 在馆    
3 773720   2000773720   中心书库中库/ 中库030架B面3列7层24/ [索取号:TB482/1] 在馆    
4 773721   2000773721   中心书库中库/ 中库030架B面3列7层23/ [索取号:TB482/1] 在馆    
5 773722   2000773722   中心书库中库/ 中库030架B面3列7层21/ [索取号:TB482/1] 在馆    
6 773723   2000773723   中心书库中库/ 中库030架B面3列7层19/ [索取号:TB482/1] 在馆    
7 773724   2000773724   中心书库中库/ 中库030架B面3列7层18/ [索取号:TB482/1] 在馆    
8 773725   2000773725   中心书库中库/ 中库030架B面3列7层17/ [索取号:TB482/1] 在馆    
9 773726   2000773726   中心书库中库/ 中库030架B面3列7层20/ [索取号:TB482/1] 在馆    
10 773727   2000773727   中心书库中库/ 中库030架B面3列7层16/ [索取号:TB482/1] 在馆    
山东省滨州职业学院图书馆 欢迎您!
大连网信软件有限公司© 版权所有